000 01067nam a2200289 i 4500
003 EG-GICUC
005 20260121101648.0
008 260105s1978 -us fr|||| 000 0 eng d
040 _aEG-GiCUC
_beng
_cEG-GiCUC
_dEG-GiCUC
_erda
041 0 _aeng
082 0 4 _221
_a338.9
_bLA
092 0 4 _221
099 _aLaw1 13 338.9 LA 1978
245 1 0 _aLaws Relating To Conservation And Planning /
_bContains Complete, Up-to-date And Reliable Particulars Concerning Egyptian Limited Liabilily Companies /
_cCompiled By Bion M. Gregory.
250 _a1978 Edition.
264 1 _aCalifornia :
_bDepartment Of General Services Documents And Publications Section,
_c1978.
300 _a1016 pages :
_billustrations,
_c24 cm.
336 _2rda content
_atext
337 _2rda media
_aComputer
338 _2rda carrier
_aOnline Resource
546 _aText in English
650 1 _aPublic finance and tax legislation
700 1 _aGregory, Bion M.
_eCompiler.
856 4 0 _uhttps://fll.law.cu.edu.eg/fulltext/bks/B13-09009.pdf
905 _a48
942 _2ddc
_cBK
_e21
_n0
999 _c54557
_d54557